000
00347 a2200157 4500
001
194188
020
_a
978-85-250-5288-9
040
_c
Magnum
100
_a
Lobato, Monteiro
240
1
0
_a
O mês de abril
_l
por
245
1
0
_a
O mês de abril
300
_a
23
362
0
_a
2013
697
_a
LÍNGUA - LINGÜÍSTICA - LITERATURA
942
_c
BK
999
_c
194188
_d
194188